000 00470nam a2200181Ia 4500
001 17573
005 20260306171527.0
008 260306s9999||||xx |||||||||||||| ||und||
041 _aESP
082 _a658.045
_bB38
100 _aBelausteguigoitia Rius, Imanol
_eAUT
245 0 _aEmpresas familiares:
_bdinámica, equilibrio y consolidación
260 _c2012
300 _a298 páginas :
_c23 cm.
650 _aGEN
654 _aCAN
942 _cLIB
_dJUS
_fJUS
_2ddc
_n
999 _c17573
_d17573